| 000 | 01160cam a22003377a 4500 | ||
|---|---|---|---|
| 003 | CHAP | ||
| 005 | 20220628131208.0 | ||
| 008 | 971013s1968 r 00010 d | ||
| 010 | _a39870 | ||
| 011 | _a40842 | ||
| 035 | _a44968 | ||
| 040 | _cCHAP | ||
| 090 | _aFolleto 28 | ||
| 100 | 1 | 0 |
_aMora Blancas, Edgar Ezel _978124 |
| 245 | 1 | 3 | _aEl desarrollo de las industrias agrícolas de primera mano y el desarrollo industrial |
| 260 |
_aMéxico, D.F. : _bReunión Nacional de Ciencia y Tecnología en la Reforma Agraria, _c1968 |
||
| 300 | _a31 h | ||
| 490 | 0 | _aDoc. C-T-Ref/Agr, III-20 | |
| 590 |
_aBATCH-UPD _b10 _c20130110 _lUCH01 _h1601 |
||
| 590 |
_aBATCH-UPD _b10 _c20130410 _lUCH01 _h0958 |
||
| 590 |
_aBATCH-UPD _b10 _c20130914 _lUCH01 _h1636 |
||
| 590 |
_aCONVERSION _b10 _c20130109 _lUCH01 _h1322 |
||
| 650 | 1 | 4 |
_aAgricultura e industrializacion. _92001 |
| 650 | 1 | 4 |
_aIndustrialización. _957923 |
| 650 | 1 | 4 |
_aIndustrias agrícolas. _957925 |
| 830 | 0 |
_aDoc. C-T-Ref/Agr, III-20 _933158 |
|
| 901 | _aBK | ||
| 942 | _cFOLL | ||
| 949 |
_aFolleto 28 _bBC _cFOLL _d-102987 _eTS1 _i44968 _mD _si |
||
| 949 |
_aFolleto 28 _bBC _cFOLL _d-102988 _eTS2 _fc.2 _i44968 _si |
||
| 999 |
_c39870 _d39870 |
||